Logos nella filosofia antica (Il) (Record n. 77800)

Dettagli MARC
000 -LEADER
fixed length control field 01494nam a2200313Ia 4500
001 - CONTROL NUMBER
control field C0589
003 - CONTROL NUMBER IDENTIFIER
control field IT-RoPAU
008 - FIXED-LENGTH DATA ELEMENTS--GENERAL INFORMATION
fixed length control field 130308s9999 xx 000 0 und d
040 ## - CATALOGING SOURCE
Original cataloging agency IT-RoPAU
040 ## - CATALOGING SOURCE
Transcribing agency IT-RoPAU
041 ## - LANGUAGE CODE
Language code of text/sound track or separate title ITALIANO
100 ## - MAIN ENTRY--PERSONAL NAME
Personal name AA.VV.
100 ## - MAIN ENTRY--PERSONAL NAME
Miscellaneous information Codice Aut. SPICS: 12000
245 ## - TITLE STATEMENT
Title Logos nella filosofia antica (Il)
245 ## - TITLE STATEMENT
Remainder of title Filosofi e Il Linguaggio (I)-Antologia
250 ## - EDITION STATEMENT
Edition statement 1a ed.
260 ## - PUBLICATION, DISTRIBUTION, ETC. (IMPRINT)
Place of publication, distribution, etc. BOLOGNA
260 ## - PUBLICATION, DISTRIBUTION, ETC. (IMPRINT)
Name of publisher, distributor, etc. Esculapio
260 ## - PUBLICATION, DISTRIBUTION, ETC. (IMPRINT)
Date of publication, distribution, etc. 1993 [1° Ed.:1993 - Ed.Ling.Originale:1993]
300 ## - PHYSICAL DESCRIPTION
Extent "84 p. (prefazione: no ; testo: 84 [pagine: 15-98])"
500 ## - GENERAL NOTE
General note "Pensiero Antico e Linguaggio. Logos Arcaico: Eraclito e Parmenide. Dibattito Fra Convenzionalità e Naturalità del Linguaggio nel V Secolo: Dall'Atomismo di Democrito al Convenzionalismo dei Sofisti. Protagora, Gorgia. Dimensione Linguistica del pensiero di Platone: Origine e Natura dei Nomi nel ""Cratilo"", Discorso Falso e Discorso Vero: Il Sofista, Fedro: Mito di Theuthe L'Origine della Scrittura, Gradi del Processo Conoscitivo. Dimensione Logica della Lingua: Aristotele: Organon Aristotelico, Poetica: Proposizioni semplici e Complesse. Scuole Filosofiche Ellenistiche: Epicureismo e Stoicismo. Questioni Linguistiche Agli Albori del Cristianesimo: Plotino, Sant'Agostino."
650 ## - SUBJECT ADDED ENTRY--TOPICAL TERM
Topical term or geographic name as entry element LINGUISTICA
650 ## - SUBJECT ADDED ENTRY--TOPICAL TERM
Relator term Codice materia Spics: 3201
700 ## - ADDED ENTRY--PERSONAL NAME
Personal name Bulgari Simona
700 ## - ADDED ENTRY--PERSONAL NAME
Miscellaneous information Codice Aut. SPICS: 35553
942 ## - ADDED ENTRY ELEMENTS (KOHA)
Koha item type LIBRO
957 ## -
-- 1
999 ## - SYSTEM CONTROL NUMBERS (KOHA)
-- 1
Dati di copia
Withdrawn status Lost status Damaged status Not for loan Home library Current library Date acquired Total Checkouts Full call number Date last seen Price effective from Koha item type Public note
    Buone Condizioni Not For Loan SPICS-MEDIATECA SPICS-MEDIATECA 08/03/2013   C0589 08/03/2013 08/03/2013 LIBRO Progressivo inserimento: 2652 / N. Volumi: 0 [=Contributo] Copie: 1 / data import: 1 marzo 2013 - By Epidotti, Trombetti, Vaglietti.
CREDITS: SOCIETA' SAN PAOLO Via A.Severo, 58 - ROMA (RM) & PERIODICI SAN PAOLO SRL Via Giotto, 36 MILANO & CISF Via Giotto, 36 MILANO & EDIZIONI SAN PAOLO SRL,  Piazza Soncino, 5 CINISELLO BALSAMO (MI) -- ITALY